Complex systems (Record no. 147026)
[ view plain ]
| 000 -LEADER | |
|---|---|
| fixed length control field | 01516nam a22003491a 4500 |
| 245 10 - TITLE STATEMENT | |
| Title | Complex systems |
| 250 ## - EDITION STATEMENT | |
| Edition statement | 1st ed. |
| 260 ## - PUBLICATION, DISTRIBUTION, ETC. (IMPRINT) | |
| Place of publication | Boston, MA : |
| Name of publisher | Elsevier, |
| Year of publication | 2007. |
| 300 ## - PHYSICAL DESCRIPTION | |
| Number of Pages | xxviii, 498 p. : |
| Other physical details | ill, ports. |
| 650 #0 - SUBJECT ADDED ENTRY--TOPICAL TERM | |
| Topical Term | System analysis |
| Topical Term | Computational complexity |
| 700 1# - ADDED ENTRY--PERSONAL NAME | |
| Personal name | Bouchaud, Jean-Philippe, |
| Personal name | Mezard, Mard. |
| Personal name | Dalibard, J. |
| 856 40 - ELECTRONIC LOCATION AND ACCESS | |
| Uniform Resource Identifier | http://site.ebrary.com/lib/rucke/Doc?id=10190045 |
No items available.
